000 00992nam0a2200301 4500
001 RU\NLR\bibl\1723151
005 20250616072945.0
010 _a978-5-17-069515-7
_bАСТ
010 _a978-5-271-31171-0
_bАстрель
010 _a978-5-4215-1374-2
_bПолиграфиздат
_95000
021 _aRU
_b2010-98349
_96635
035 _a(NLR Aleph) 001714131
090 _a1298664
_c1298664
100 _a20110117d2010 |||y0rusy50 ca
101 1 _arus
_ceng
102 _aRU
105 _ay |||||||||
200 1 _aЖелание герцога
_eроман
_fДженна Питерсен
_g[пер. с англ. Н.В. Паниной]
210 _aМосква
_cАСТ [и др.]
_d2010
215 _a317, [1] с.
_d21
225 1 _aОчарование
686 _aШ6(7США)67-440.4{Лх1979-50}
700 1 _aПитерсен
_bД.
_gДженна
_4070
801 0 _aRU
_bNLR
_c20110117
_gRCR
801 1 _aRU
_bNLR
_c20110117
942 _cBOOK
980 _aNB